Využitie starých máp banských ťažobných aktivít na dokumentáciu a ochranu kultúrneho dedičstva, v lokalite UNESCO - Banská Štiavnica a blízkom okolí

Enregistré dans:
Détails bibliographiques
Auteur principal: Bešinská, Alexandra (Auteur)
Autres auteurs: Lieskovský, Tibor (Directeur de thèse)
Format: Manuscrit Livre
Langue:slovaque
Publié: 2025
Sujets:
Accès en ligne:http://is.stuba.sk/zp/portal_zp.pl?podrobnosti=184039
CRZP
Tags: Ajouter un tag
Pas de tags, Soyez le premier à ajouter un tag!

MARC

LEADER 00000ntm a22000003a 4500
001 stuzp106069
003 SK-STU
005 20250721111556.8
007 ta
008 150427s2015----xo-----f-mn---000-0-slo-d
040 |a STU  |b slo 
041 0 |a slo 
100 1 |a Bešinská, Alexandra  |u 010130  |4 aut  |U SvF Stavebná fakulta  |T SvF Katedra globálnej geodézie a geoinformatiky  |X 103741  |U V130  |Y 13  |7 103741 
242 0 1 |a Using old mining maps for the documentation and preservation of cultural heritage in the UNESCO site of Banská Štiavnica and the vicinity  |y eng 
245 1 0 |a Využitie starých máp banských ťažobných aktivít na dokumentáciu a ochranu kultúrneho dedičstva, v lokalite UNESCO - Banská Štiavnica a blízkom okolí 
260 |c 2025 
650 4 |a georeferencing  |2 eng 
650 4 |a web publication  |2 eng 
650 4 |a ArcGIS StoryMaps  |2 eng 
650 4 |a historical maps  |2 eng 
650 4 |a webová publikácia  |2 slo 
650 4 |a ArcGIS StoryMaps  |2 slo 
650 4 |a staré mapy  |2 slo 
650 4 |a georeferencovanie  |2 slo 
700 1 |a Lieskovský, Tibor  |u 010130  |k Z1  |4 ths  |U SvF Stavebná fakulta  |T SvF Katedra globálnej geodézie a geoinformatiky  |X 3805  |U V130  |Y 13  |7 A000003805 
856 4 |u http://is.stuba.sk/zp/portal_zp.pl?podrobnosti=184039 
856 4 |u https://opac.crzp.sk/?fn=detailBiblioForm&sid=226A7A544DA3649F67533EE9F6D0  |z CRZP